00776nam a2200169 a 450000100100000000500170001000800410002704000250006808200150009310000430010824500570015126000590020830000210026795201870028895201140047599900170058900003386920200930070602.0110914s1956 uy 000 0 spa d aDO-SdBNPbspacBNPHU axxxbB191m1 aMontiel Ballesteros, A.,d1888-95929810aMundo en ascuas :bNovela /cA. Montiel Ballesteros. aMontevideo, Uruguay :bEdiciones Clavileño,c[1956]? a214 p. ;c19 cm. 001050718RVaGRbGRcCTd2011-09-14iLF1l0oxxx B191mp33869-10r2020-06-25w2020-06-25y1zPerteneció a la biblioteca personal de Federico Henríquez y CarvajalZNo se presta 0010507-18MOaGRbGRcOId2011-09-14iLF1l0oxxx B191mp33870-10r2020-06-25w2020-06-25y1ZNo se presta c33360d33360